000 00867nam a22003017a 4500
001 BR9209899
003 BR-BrBNA
005 20230928093717.0
007 ta
008 230509b bl.||||| |||| 00| 0 por d
040 _aBR-BrBNA
_bpor
_cBiblioteca Nacional de Agricultura
041 _a(Por)
072 _aH01
_b3871
_b3875
_b3876
_b3877
090 _ 3871 BR9209899
110 1 _aDelegacia Federal de Agricultura de Sergipe, Aracaju (Brasil). Servico de Defesa Sanitaria Vegetal
_93061
245 1 _aAgrotoxico: relacao de produtos por ingredientes ativos
260 3 _aAracaju, SE (Brasil):
_c1990.
300 _a56 p.
650 _aFUNGICIDA
650 _aINSETICIDA
650 _aHERBICIDA
650 _aAGROTOXICO
650 _aACARICIDA
650 _aMOLUSCICIDA
650 _aNEMATICIDA
909 _a202309
_bLucia
_c55
_dLucia Elande
942 _cBK
999 _c46629
_d46629